Les villes les plus peuplées au monde commençant par T - Statistiques

Statistiques générales
  • Ce quiz a été pris 105 fois
  • Le résultat moyen est 6 sur 10
Statistiques - réponses
Pays Population Villes % Correct
Japon 40 500 000 Tokyo
98%
Canada 7 755 000 Toronto
95%
Iran 15 500 000 Téhéran
87%
Israël 2 725 000 Tel Aviv
87%
Taiwan 9 150 000 Taipei
82%
Ouzbékistan 3 300 000 Tachkent
54%
Chine 13 200 000 Tianjin
34%
Etats-Unis 4 475 000 Tampa
22%
Chine 4 175 000 Taiyuan
10%
Chine 2 975 000 Tangshan
2%
Aucun quiz correspondant
Distribution des résultats
% des personnes avec chaque résultat
Percentile par nombre de réponses
Votre historique - résultats
Vous n’avez pas pris ce quiz